Reforming Woman's Fashion (1850-1920) (Record no. 11530)

MARC details
000 -LEADER
fixed length control field 00395nam a2200145Ia 4500
008 - FIXED-LENGTH DATA ELEMENTS--GENERAL INFORMATION
fixed length control field 230312s9999||||xx |||||||||||||| ||und||
020 ## - INTERNATIONAL STANDARD BOOK NUMBER
International Standard Book Number 0-87338-742-2
082 ## - DEWEY DECIMAL CLASSIFICATION NUMBER
Classification number 391.0097
Item number CUN-R
100 ## - MAIN ENTRY--PERSONAL NAME
Personal name Cunningham;Patricia.A
245 #0 - TITLE STATEMENT
Title Reforming Woman's Fashion (1850-1920)
260 ## - PUBLICATION, DISTRIBUTION, ETC.
Name of publisher, distributor, etc. Kent State
Place of publication, distribution, etc. USA
Date of publication, distribution, etc. 2003
300 ## - PHYSICAL DESCRIPTION
Extent 250
650 ## - SUBJECT ADDED ENTRY--TOPICAL TERM
Topical term or geographic name entry element Architecture
Form subdivision Architecture/Art & Design
942 ## - ADDED ENTRY ELEMENTS (KOHA)
Koha item type BOOK
Holdings
Withdrawn status Lost status Source of classification or shelving scheme Damaged status Not for loan Home library Current library Date acquired Total Checkouts Full call number Barcode Date last seen Price effective from Koha item type
    Dewey Decimal Classification     Superior Information Resource Center (SIRC) Superior University- Main Campus Superior Information Resource Center (SIRC) Superior University- Main Campus 03/13/2023   391.0097 CUN-R 11658 03/13/2023 03/13/2023 BOOK

Powered by Koha